| 000 | 00803ngm a2200205 a 4500 | ||
|---|---|---|---|
| 005 | 20240921063850.0 | ||
| 008 | 010731s1998 mx r 000 0 spa d | ||
| 035 | _aUPN01000110712 | ||
| 049 | _aAV | ||
| 099 | _aPVI TT 0923 | ||
| 245 | 0 | 0 | _aMetepec. |
| 260 |
_aMéxico : _bILCE, _c[199-?]. |
||
| 300 |
_a1 videocasete (VHS) (27 min.) : _bson., col. |
||
| 440 | 0 |
_aPueblos de artesanos ; _v1 |
|
| 520 | _aCon una tradición de un siglo y raices prehispánicas, el trabajo de cerámica en barro de esta comunidad. Sus obras son parte de la decoración colonial y muchas de ellas forma parte de importantes colecciones en México y en el extranjero | ||
| 650 | 2 |
_aArtesanos _zEstado de México _92030 |
|
| 650 | 2 |
_aArtes y oficios _92772 |
|
| 651 | 4 | _aMETEPEC, MEXICO (ESTADO) | |
| 905 | _aAudiovisuales | ||
| 999 |
_c84621 _d84621 |
||